[Event "SK Deutschnofen-ASD Arci Scacchi II"]
[Site "?"]
[Date "2013.02.23"]
[Round "10.5"]
[White "Zanatta, Daniel"]
[Black "Mittermair, Alois"]
[Result "0-1"]
[WhiteElo "1328"]
[BlackElo "1502"]
[PlyCount "130"]
[EventDate "2013.??.??"]

1. e4 c5 2. Nf3 Nc6 3. c3 e5 4. d4 cxd4 5. cxd4 exd4 6. Nxd4 Bc5 7. Nb3 Bb6 8.
Bc4 Nge7 9. O-O O-O 10. Nc3 Ne5 11. Nd2 d6 12. h3 a6 13. Kh1 Bc5 14. f4 Nxc4
15. Nxc4 b5 16. Ne3 Bb7 17. Qd3 Qd7 18. Ned5 Rae8 19. g4 Qc6 20. Nxe7+ Rxe7 21.
Nd5 Re6 22. b4 Ba7 23. f5 Rxe4 24. Qxe4 Qxd5 25. Qxd5 Bxd5+ 26. Kh2 Bc4 27. Rd1
d5 28. Bb2 Rd8 29. a4 Bb8+ 30. Kg2 Bb3 31. Re1 Bxa4 32. Re7 Bd6 33. Ra7 Bxb4
34. Rxa6 h6 35. Rc1 d4 36. Ra7 d3 37. Rcc7 Rf8 38. Bc3 Bxc3 39. Rxc3 d2 40. Rd3
d1=Q 41. Rxd1 Bxd1 42. Rb7 Be2 43. Kg3 Rd8 44. Kf4 f6 45. h4 Rd4+ 46. Ke3 Rxg4
47. Kxe2 b4 48. h5 Rg5 49. Rxb4 Rxf5 50. Rh4 Kf7 51. Ke3 Ke6 52. Ke4 Ra5 53.
Kf3 Ra3+ 54. Kf2 f5 55. Kg2 Kf6 56. Rb4 Ra7 57. Kg3 Kg5 58. Rb5 Rf7 59. Kf3
Kxh5 60. Kf4 g5+ 61. Ke5 f4 62. Ke6 Ra7 63. Kf5 f3 64. Rb1 Rf7+ 65. Ke4 g4 0-1

[Event "SK Klausen-J. Richter/Lask BZ II"]
[Site "?"]
[Date "2013.02.23"]
[Round "10.1"]
[White "Mumelter, Igor"]
[Black "Schacher, Gerd"]
[Result "0-1"]
[WhiteElo "1821"]
[BlackElo "2300"]
[PlyCount "84"]
[EventDate "2013.??.??"]

1. e4 g6 2. d4 Bg7 3. Nc3 c5 4. dxc5 Bxc3+ 5. bxc3 Nc6 6. Be3 Qa5 7. Qd2 Nf6 8.
Bd3 Ng4 9. Ne2 O-O 10. O-O Nxe3 11. Qxe3 Rd8 12. f4 d6 13. cxd6 Rxd6 14. e5 Rd8
15. Rab1 Qc7 16. Nd4 Nxd4 17. cxd4 Qc3 18. Rb3 Qxd4 19. Qxd4 Rxd4 20. Rc3 Be6
21. f5 Rc8 22. Rxc8+ Bxc8 23. e6 f6 24. fxg6 hxg6 25. Bxg6 Bxe6 26. Bd3 Kf8 27.
a3 Ra4 28. Ra1 Bd5 29. Kf2 e5 30. g3 Ke7 31. h4 Ke6 32. Bb5 Rd4 33. Rc1 Rd2+
34. Ke3 Rg2 35. c4 Rxg3+ 36. Kf2 Rg2+ 37. Kf1 Bf3 38. Rc3 e4 39. Be8 Rh2 40. h5
Ke5 41. Kg1 Rh1+ 42. Kf2 Kf4 0-1

[Event "SK Klausen-J. Richter/Lask BZ II"]
[Site "?"]
[Date "2013.02.23"]
[Round "10.2"]
[White "Seebacher, Reinhard"]
[Black "Muscolino, Attilio"]
[Result "1-0"]
[WhiteElo "1880"]
[BlackElo "1735"]
[PlyCount "73"]
[EventDate "2013.??.??"]

1. e4 c5 2. Nf3 d6 3. Bb5+ Nd7 4. O-O Ngf6 5. Re1 e6 6. d4 cxd4 7. Qxd4 Be7 8.
c4 O-O 9. Bg5 Qc7 10. Bxd7 Bxd7 11. Nc3 Rfd8 12. Rac1 a6 13. h3 Rac8 14. b3 Be8
15. a4 h6 16. Be3 Nd7 17. Qd2 Bf6 18. Bd4 Ne5 19. Nh2 Nd7 20. Bxf6 Nxf6 21. Ng4
Nxg4 22. hxg4 Qe7 23. a5 Qc7 24. Ra1 Qc5 25. Qe3 b5 26. axb6 Qxe3 27. Rxe3 Ra8
28. Rd3 Bc6 29. Rad1 Rab8 30. Rxd6 Rdc8 31. c5 Kf8 32. f3 Ke7 33. Kf2 Rb7 34.
b4 Bd7 35. e5 f6 36. Ra1 fxe5 37. Rxa6 1-0

[Event "SK Klausen-J. Richter/Lask BZ II"]
[Site "?"]
[Date "2013.02.23"]
[Round "10.3"]
[White "Casadio, Lorenzo"]
[Black "Schrott, Johann"]
[Result "1/2-1/2"]
[WhiteElo "1671"]
[BlackElo "1787"]
[PlyCount "116"]
[EventDate "2013.??.??"]

1. Nf3 c5 2. c4 Nc6 3. Nc3 Nf6 4. g3 g6 5. Bg2 Bg7 6. d4 cxd4 7. Nxd4 O-O 8.
O-O Qb6 9. e3 d6 10. b3 Bg4 11. Qd2 a6 12. Bb2 Rac8 13. Nd5 Nxd5 14. Bxd5 Rfd8
15. Bg2 Bd7 16. Ne2 Bxb2 17. Qxb2 Ne5 18. Nc3 Bc6 19. Nd5 Bxd5 20. cxd5 Rc5 21.
f4 Ng4 22. Qe2 Nf6 23. Qd2 Rdc8 24. Rac1 Qc7 25. Rxc5 Qxc5 26. b4 Qc3 27. Qxc3
Rxc3 28. e4 Rc2 29. Rf2 Rc4 30. e5 Ng4 31. Re2 dxe5 32. Bf3 Nf6 33. fxe5 Ne8
34. Rd2 Rxb4 35. d6 exd6 36. exd6 Nxd6 37. Rxd6 Rb1+ 38. Rd1 Rb2 39. a4 b5 40.
axb5 Rxb5 41. Be2 Rb6 42. Ra1 a5 43. Rxa5 h5 44. h4 Rb7 45. Kf2 Kg7 46. Ke3 Kh6
47. Bc4 Re7+ 48. Kd4 f6 49. Ra6 Kg7 50. Re6 Ra7 51. Re3 Rd7+ 52. Kc5 g5 53. Bb5
Rd2 54. Rd3 Rh2 55. Rd7+ Kf8 56. hxg5 fxg5 57. Rd5 g4 58. Rg5 Rh3 1/2-1/2

[Event "SK Klausen-J. Richter/Lask BZ II"]
[Site "?"]
[Date "2013.02.23"]
[Round "10.4"]
[White "Schrott, Ernst"]
[Black "Gruber, Martin"]
[Result "1/2-1/2"]
[WhiteElo "1814"]
[BlackElo "1609"]
[PlyCount "107"]
[EventDate "2013.??.??"]

1. e4 Nf6 2. e5 Nd5 3. Nf3 d6 4. d4 Nc6 5. c4 Nb6 6. exd6 exd6 7. d5 Ne5 8.
Nxe5 dxe5 9. Bd3 Be7 10. Nc3 h6 11. O-O O-O 12. Qe2 Nd7 13. f4 exf4 14. Bxf4 a6
15. Rae1 Bc5+ 16. Kh1 Nf6 17. Ne4 Nxe4 18. Qxe4 f5 19. Qf3 Bd6 20. Re2 Bd7 21.
Qh5 Bxf4 22. Rxf4 Qg5 23. Qxg5 hxg5 24. Rf1 g4 25. Re7 Rad8 26. Kg1 g6 27. Rfe1
Rfe8 28. Kf2 Kf8 29. Rxe8+ Rxe8 30. Rxe8+ Kxe8 31. Ke3 Ke7 32. c5 Kf6 33. Kd4
g5 34. g3 f4 35. gxf4 gxf4 36. c6 bxc6 37. dxc6 Bxc6 38. Bxa6 Kg5 39. Kd3 g3
40. hxg3 fxg3 41. Ke3 Kf5 42. b4 Ke5 43. b5 Ba8 44. Bc8 Kd6 45. Bg4 Kc5 46. a4
Kb4 47. Bd1 Bd5 48. Bc2 Ka5 49. Bd1 Be6 50. Bf3 Kxa4 51. Bc6 Ka5 52. Kf3 Bc4
53. Kxg3 Bxb5 54. Bd5 1/2-1/2

[Event "SK Klausen-J. Richter/Lask BZ II"]
[Site "?"]
[Date "2013.02.23"]
[Round "10.5"]
[White "Hermeter, Walter"]
[Black "Sigmund, Ingenuin"]
[Result "0-1"]
[WhiteElo "1660"]
[BlackElo "1728"]
[PlyCount "68"]
[EventDate "2013.??.??"]

1. e4 e6 2. d4 d5 3. e5 c5 4. Nf3 Nc6 5. c3 Bd7 6. Bd3 Qb6 7. dxc5 Bxc5 8. O-O
f6 9. b4 Be7 10. Re1 a5 11. b5 Nd8 12. a4 Rc8 13. Be3 Bc5 14. Bxc5 Rxc5 15. Nd4
Nf7 16. Qh5 fxe5 17. Nb3 Rc8 18. Qg4 Nf6 19. Qxg7 Ke7 20. Qg3 Rcg8 21. Qe3 Qxe3
22. fxe3 b6 23. c4 dxc4 24. Bxc4 Nd6 25. N1d2 Rg4 26. Be2 Rb4 27. Nc1 e4 28.
Ncb3 e5 29. Reb1 Rc8 30. Nf1 Rc3 31. Ra3 Be6 32. Nfd2 Rxe3 33. Kf2 Rc3 34. Ke1
e3 0-1

[Event "SK Klausen-J. Richter/Lask BZ II"]
[Site "?"]
[Date "2013.02.23"]
[Round "10.6"]
[White "Seebacher, Michael"]
[Black "Anrather, Eva"]
[Result "1-0"]
[WhiteElo "1403"]
[BlackElo "1395"]
[PlyCount "43"]
[EventDate "2013.??.??"]

1. e4 e5 2. Nf3 Nf6 3. Nxe5 d6 4. Nf3 Nxe4 5. Be2 Be7 6. O-O O-O 7. d4 Nc6 8.
Bf4 h6 9. Re1 d5 10. Nbd2 Bf6 11. c3 Bg4 12. Nxe4 dxe4 13. Nd2 Bf5 14. Bg4 Bxg4
15. Qxg4 Bg5 16. Bxg5 hxg5 17. Qxe4 f5 18. Qe6+ Rf7 19. Nf3 Kf8 20. Qg6 g4 21.
Ng5 Rf6 22. Nh7+ 1-0

[Event "SK Naturns Jambo-SK Gries"]
[Site "?"]
[Date "2013.02.23"]
[Round "10.1"]
[White "Spornberger, Maximilian"]
[Black "Mukic, Josko"]
[Result "1/2-1/2"]
[WhiteElo "2222"]
[BlackElo "2268"]
[PlyCount "88"]
[EventDate "2013.??.??"]

1. e4 e6 2. d3 d5 3. Nd2 Nf6 4. Ngf3 Bc5 5. Be2 dxe4 6. dxe4 Nc6 7. O-O O-O 8.
e5 Nd7 9. Ne4 Be7 10. Bf4 b6 11. c3 h6 12. Qa4 Bb7 13. Bb5 Ndb8 14. Rfd1 Qc8
15. Rd2 a6 16. Bd3 Nd7 17. Rad1 b5 18. Qc2 Nc5 19. Nxc5 Bxc5 20. a4 b4 21. Bh7+
Kh8 22. Be4 bxc3 23. Bxc6 Bxc6 24. Qxc3 Bxf3 25. Qxf3 Qe8 26. Rd7 Bd6 27. exd6
Qxd7 28. dxc7 Qxa4 29. h3 Rac8 30. Bd6 Rfe8 31. b3 Qd7 32. Be5 Qe7 33. Qc6 a5
34. Rd7 Qg5 35. f4 Qg6 36. Qb6 f6 37. Bd6 Kh7 38. Be7 Qb1+ 39. Kh2 Qc1 40. Qd6
e5 41. Bxf6 Qxf4+ 42. Kh1 Qf1+ 43. Kh2 Qf4+ 44. Kh1 Qf1+ 1/2-1/2

[Event "SK Naturns Jambo-SK Gries"]
[Site "?"]
[Date "2013.02.23"]
[Round "10.2"]
[White "La Manna, Andrea"]
[Black "Spornberger, Andre"]
[Result "0-1"]
[WhiteElo "2193"]
[BlackElo "2048"]
[PlyCount "84"]
[EventDate "2013.??.??"]

1. d4 Nf6 2. c4 g6 3. Nc3 Bg7 4. e4 d6 5. f3 O-O 6. Be3 Nc6 7. Rb1 a6 8. b4 e5
9. d5 Nd4 10. Nge2 Nxe2 11. Bxe2 c6 12. O-O cxd5 13. cxd5 Nh5 14. Re1 f5 15.
Na4 Nf4 16. Bf1 fxe4 17. fxe4 Qg5 18. Kh1 Bg4 19. Qd2 Rf7 20. Nc3 Raf8 21. b5
a5 22. b6 Qh4 23. Kg1 Bh6 24. Ne2 Nxe2+ 25. Bxe2 Qf2+ 26. Bxf2 Bxd2 27. Bxg4
Bxe1 28. Bf3 Bxf2+ 29. Kxf2 Rc8 30. Rb2 Rc3 31. Ke2 h5 32. Kd2 Rc5 33. Ke3 Kg7
34. Be2 Rf8 35. Bd3 g5 36. Be2 g4 37. Bd3 Kg6 38. Be2 Kg5 39. g3 h4 40. gxh4+
Kxh4 41. Bd3 Rf3+ 42. Ke2 Rh3 0-1

[Event "SK Naturns Jambo-SK Gries"]
[Site "?"]
[Date "2013.02.23"]
[Round "10.4"]
[White "Fox, Jonas"]
[Black "Paulmichl, Martin"]
[Result "0-1"]
[WhiteElo "1783"]
[BlackElo "1953"]
[PlyCount "74"]
[EventDate "2013.??.??"]

1. e4 d5 2. exd5 Qxd5 3. Nc3 Qa5 4. d4 Nf6 5. Bd2 Bg4 6. Nf3 c6 7. Bc4 Qh5 8.
Be2 Nbd7 9. h3 e6 10. O-O Bxf3 11. Bxf3 Qh4 12. Ne2 Bd6 13. Qe1 O-O 14. Bb4
Bxb4 15. Qxb4 e5 16. Qxb7 e4 17. Bg4 Nxg4 18. Qxd7 Nf6 19. Qxc6 Rab8 20. Rab1
Rb6 21. Qc5 Nh5 22. Qf5 g6 23. Qd7 Rd8 24. Qxa7 Rf6 25. Ng3 e3 26. Qe7 exf2+
27. Rxf2 Qxd4 28. Ne4 Rf4 29. Kh2 Rxe4 30. Qxf7+ Kh8 31. Rbf1 Qe5+ 32. Kg1 Ng3
33. Rb1 Re2 34. Rxe2 Nxe2+ 35. Kf2 Re8 36. Qf3 Qc5+ 37. Ke1 Nd4+ 0-1

[Event "SK Naturns Jambo-SK Gries"]
[Site "?"]
[Date "2013.02.23"]
[Round "10.5"]
[White "Niederstaetter, Harald"]
[Black "Unterthurner, Hans"]
[Result "0-1"]
[WhiteElo "1930"]
[BlackElo "2029"]
[PlyCount "54"]
[EventDate "2013.??.??"]

1. f4 Nf6 2. Nf3 g6 3. e3 Bg7 4. Be2 d6 5. O-O O-O 6. Nc3 c6 7. a4 Nbd7 8. d3
Nc5 9. Qe1 Qc7 10. b4 Na6 11. Rb1 Nd5 12. Na2 c5 13. b5 Nab4 14. Nxb4 cxb4 15.
Bd1 a6 16. e4 Nc3 17. Rb2 Nxa4 18. Rxb4 Bc3 19. Rc4 Qxc4 20. dxc4 Bxe1 21. Rxe1
axb5 22. cxb5 Nc3 23. Be2 Bd7 24. b6 Nxe2+ 25. Rxe2 Ra1 26. Re1 Rc8 27. Nd4 Ba4
0-1

[Event "SK Naturns Jambo-SK Gries"]
[Site "?"]
[Date "2013.02.23"]
[Round "10.6"]
[White "Naegele, Norbert"]
[Black "Zammarchi, Massimo"]
[Result "1-0"]
[WhiteElo "1786"]
[BlackElo "1900"]
[PlyCount "63"]
[EventDate "2013.??.??"]

1. e4 e5 2. Nf3 Nc6 3. Bc4 Bc5 4. O-O Nf6 5. d4 Bxd4 6. Nxd4 Nxd4 7. f4 d6 8.
fxe5 dxe5 9. Bg5 Be6 10. Nd2 Qe7 11. c3 Nc6 12. b4 O-O-O 13. Qe2 h6 14. Be3
Bxc4 15. Qxc4 Ng4 16. Qe2 Nxe3 17. Qxe3 Kb8 18. Nb3 f6 19. b5 Nb4 20. cxb4 Qxb4
21. a4 Rd6 22. Rfc1 Rhd8 23. Qc3 Qxc3 24. Rxc3 c6 25. bxc6 bxc6 26. Na5 Kc7 27.
Rac1 Rd1+ 28. Rxd1 Rxd1+ 29. Kf2 Rd2+ 30. Kf3 Rd6 31. Ke3 Re6 32. Rb3 1-0

[Event "SK Passeier-SG Kaltern/Tramin"]
[Site "?"]
[Date "2013.02.23"]
[Round "10.1"]
[White "Paltrinieri, Nicholas"]
[Black "Innerhofer, Stefan"]
[Result "1-0"]
[WhiteElo "2119"]
[BlackElo "1550"]
[PlyCount "79"]
[EventDate "2013.??.??"]

1. d4 f5 2. Bg5 Nf6 3. Bxf6 exf6 4. e3 d5 5. Bd3 Be6 6. Qf3 g6 7. Ne2 Bd6 8.
Nbc3 c6 9. O-O-O Nd7 10. Nf4 Qe7 11. h3 O-O-O 12. g4 fxg4 13. hxg4 Qf7 14. Kb1
Nf8 15. a3 Rg8 16. Rhe1 Bd7 17. e4 dxe4 18. Nxe4 Bc7 19. Nc5 Bxf4 20. Qxf4 Ne6
21. Qd6 Nxc5 22. Qxc5 Qd5 23. Qxa7 Bxg4 24. Be4 Qf7 25. Rd3 Rge8 26. Ree3 Re7
27. Rb3 Rc7 28. Bg2 h5 29. Rbd3 Be6 30. b3 g5 31. Kb2 h4 32. Qa8+ Kd7 33. Qa7
Bd5 34. Bh3+ f5 35. c4 Be6 36. d5 cxd5 37. cxd5 Qf6+ 38. Kb1 Rc1+ 39. Kxc1 Qa1+
40. Kd2 1-0

[Event "SK Passeier-SG Kaltern/Tramin"]
[Site "?"]
[Date "2013.02.23"]
[Round "10.2"]
[White "Innerhofer, Hannes"]
[Black "Waldner, Mirko"]
[Result "0-1"]
[WhiteElo "1629"]
[BlackElo "1836"]
[PlyCount "112"]
[EventDate "2013.??.??"]

1. e4 d6 2. d4 Nf6 3. Bd3 g6 4. Nf3 Bg7 5. c3 O-O 6. O-O Nc6 7. Bg5 e5 8. d5
Ne7 9. Na3 h6 10. Bd2 Ne8 11. Nc2 f5 12. exf5 gxf5 13. Bc4 Kh8 14. Nh4 Nf6 15.
g3 Qe8 16. Ne3 f4 17. Neg2 Ng6 18. Qc2 Ne7 19. gxf4 Nh5 20. Bd3 Qd7 21. f5 Nf6
22. c4 Qe8 23. f4 e4 24. Bxe4 Nxe4 25. Qxe4 Nxf5 26. Qxe8 Rxe8 27. Rae1 Bd7 28.
b3 Bf6 29. Nf3 Rg8 30. Kh1 Kh7 31. Re2 Rg7 32. Be1 c6 33. Rd2 Rag8 34. Ngh4 Ne3
35. Rg1 Rxg1+ 36. Nxg1 Rg4 37. Ng2 Nxg2 38. Rxg2 Rxf4 39. Rf2 Rxf2 40. Bxf2
cxd5 41. cxd5 Bf5 42. Ne2 a6 43. Nf4 Bb1 44. a4 Bc2 45. a5 Bxb3 46. Kg2 Be5 47.
Kf3 Kg7 48. Ke4 Bc2+ 49. Kf3 Kf6 50. h4 Kf5 51. Be3 Be4+ 52. Kg3 Bxd5 53. Bd2
h5 54. Be3 Ke4 55. Bd2 Bc4 56. Bc1 d5 0-1

[Event "SK Passeier-SG Kaltern/Tramin"]
[Site "?"]
[Date "2013.02.23"]
[Round "10.3"]
[White "Dibiasi, Rainer"]
[Black "Pirpamer, Klaus"]
[Result "0-1"]
[WhiteElo "1806"]
[BlackElo "1749"]
[PlyCount "80"]
[EventDate "2013.??.??"]

1. e4 e5 2. Nf3 Nc6 3. Bb5 a6 4. Ba4 Nf6 5. O-O b5 6. Bb3 Be7 7. c3 O-O 8. d3
d5 9. exd5 Nxd5 10. Qe2 Bf6 11. Qe4 Nde7 12. Bc2 Bf5 13. Qe2 Nd5 14. Be3 Re8
15. Nbd2 b4 16. Ba4 Re6 17. Ne4 bxc3 18. Nc5 cxb2 19. Qxb2 Rd6 20. Qa3 Qc8 21.
Ne4 Bxe4 22. dxe4 Nxe3 23. fxe3 Qg4 24. Qc3 Qxe4 25. Bb3 Qd3 26. Qe1 Rad8 27.
Rd1 Qb5 28. Rb1 Qa5 29. Qc1 e4 30. Ne1 Qd2 31. Qc4 Qxe3+ 32. Kh1 Ne5 33. Qxc7
R6d7 34. Qa5 Ng4 35. Qf5 Qe2 36. Qf4 Rd2 37. h3 Nf2+ 38. Kh2 Qxf1 39. Nf3 Ng4+
40. Qxg4 Qxf3 0-1

[Event "SK Passeier-SG Kaltern/Tramin"]
[Site "?"]
[Date "2013.02.23"]
[Round "10.4"]
[White "Fauster, Guenther"]
[Black "Thaler, Elmar"]
[Result "0-1"]
[WhiteElo "1605"]
[BlackElo "1721"]
[PlyCount "34"]
[EventDate "2013.??.??"]

1. d4 d5 2. c4 c6 3. Nc3 Nf6 4. Nf3 dxc4 5. a4 Bg4 6. e3 e6 7. Bxc4 Bb4 8. Bd2
Nbd7 9. h3 Bh5 10. O-O O-O 11. g4 Bg6 12. Nh4 c5 13. Nxg6 hxg6 14. dxc5 Bxc5
15. Qe2 Ne5 16. Ba2 Qxd2 17. Qxd2 Nf3+ 0-1

[Event "SK Passeier-SG Kaltern/Tramin"]
[Site "?"]
[Date "2013.02.23"]
[Round "10.5"]
[White "Stadler, Helmuth"]
[Black "Kofler, Josef"]
[Result "0-1"]
[WhiteElo "1661"]
[BlackElo "1564"]
[PlyCount "108"]
[EventDate "2013.??.??"]

1. e4 c5 2. Nc3 Nc6 3. f4 e6 4. Nf3 d5 5. e5 Nge7 6. a3 Nf5 7. Be2 c4 8. O-O d4
9. Bxc4 dxc3 10. bxc3 Be7 11. d4 O-O 12. Bd3 Nh4 13. Ng5 Bxg5 14. fxg5 Qd5 15.
Bxh7+ Kxh7 16. Qh5+ Kg8 17. Qxh4 Ne7 18. Rf3 Ng6 19. Qg4 b6 20. h4 Bb7 21. Rh3
Qe4 22. Qg3 Rac8 23. Bd2 Qe2 24. Qf2 Qxf2+ 25. Kxf2 Rfd8 26. h5 Nxe5 27. Bf4
Ng4+ 28. Kg3 f5 29. gxf6 Nxf6 30. Kh4 Rd5 31. Be5 Rxe5 32. dxe5 Rc4+ 33. Kg3
Rxc3+ 34. Kh2 Ng4+ 35. Kg1 Rxc2 36. Rg3 Nh6 37. Rd1 Bd5 38. Rg5 Nf7 39. Rg3 b5
40. Re1 a5 41. Rb1 Rc5 42. Rd1 b4 43. axb4 axb4 44. Ra1 b3 45. Rb1 Rc2 46. Kh2
Kh7 47. Rf1 Nxe5 48. Rf8 b2 49. h6 gxh6 50. Rb8 Nf3+ 51. Kh3 Ng5+ 52. Kh2 Ba2
53. Ra3 b1=Q 54. Ra7+ Kg6 0-1

[Event "SK Passeier-SG Kaltern/Tramin"]
[Site "?"]
[Date "2013.02.23"]
[Round "10.6"]
[White "Schiefer, Roland"]
[Black "Unterkofler, Alex"]
[Result "1/2-1/2"]
[WhiteElo "1337"]
[BlackElo "1657"]
[PlyCount "29"]
[EventDate "2013.??.??"]

1. e4 e5 2. Bc4 Nf6 3. d3 Bc5 4. Nf3 Nc6 5. Bg5 d6 6. h3 h6 7. Bh4 Be6 8. Nbd2
g5 9. Bg3 Nh5 10. Nxe5 Nxg3 11. fxg3 Nxe5 12. Bxe6 fxe6 13. Qh5+ Kd7 14. Rf1
Qe8 15. Qe2 1/2-1/2

[Event "SK Ridnaun-SC SSV Bruneck"]
[Site "?"]
[Date "2013.02.23"]
[Round "10.1"]
[White "Glueck Alexander"]
[Black "Aigner, Helmut"]
[Result "1/2-1/2"]
[WhiteElo "1964"]
[BlackElo "1819"]
[PlyCount "36"]
[EventDate "2013.??.??"]

1. d4 Nf6 2. c4 c5 3. d5 e6 4. Nc3 exd5 5. cxd5 d6 6. e4 g6 7. Nf3 Bg7 8. h3
O-O 9. Bd3 a6 10. a4 Re8 11. O-O Nbd7 12. Bf4 Qc7 13. Re1 Nh5 14. Bg5 Bf6 15.
Be3 Ne5 16. Be2 Nxf3+ 17. Bxf3 Ng7 18. Qd2 Bd7 1/2-1/2

[Event "SK Ridnaun-SC SSV Bruneck"]
[Site "?"]
[Date "2013.02.23"]
[Round "10.3"]
[White "Balzarini, Franco"]
[Black "Obermueller, Johann"]
[Result "0-1"]
[WhiteElo "1775"]
[BlackElo "1536"]
[PlyCount "96"]
[EventDate "2013.??.??"]

1. d4 Nf6 2. Nf3 g6 3. e3 Bg7 4. Bd3 O-O 5. O-O d6 6. Nbd2 b6 7. c4 c5 8. Qc2
Bb7 9. Rb1 Qc7 10. a3 cxd4 11. exd4 Nbd7 12. b4 Rac8 13. Bb2 b5 14. c5 a6 15.
Rfe1 Nb6 16. Qb3 Nbd5 17. Bf1 Rfe8 18. Ng5 h6 19. Nge4 Qd7 20. h3 Nxe4 21. Nxe4
Nf6 22. Ng3 Qc6 23. Rbd1 Nd5 24. Re4 e5 25. dxe5 dxc5 26. bxc5 Qxc5 27. Rc1 Qe7
28. Rxc8 Rxc8 29. Re1 Qe6 30. Qd3 Nb6 31. Qd4 Nc4 32. Bxc4 Qxc4 33. Qe3 Qd5 34.
f3 Rc2 35. Re2 Rxb2 36. Rxb2 Qxe5 37. Re2 Qxg3 38. Qe8+ Bf8 39. Re7 Bd5 40. Rd7
Be6 41. Rd8 Qe1+ 42. Kh2 Qe5+ 43. Kh1 Qc5 44. Ra8 Qxa3 45. Rb8 Kg7 46. f4 Qc1+
47. Kh2 Qxf4+ 48. Kh1 Qf1+ 0-1

[Event "SK Ridnaun-SC SSV Bruneck"]
[Site "?"]
[Date "2013.02.23"]
[Round "10.4"]
[White "Helfer, Sieghard"]
[Black "Lang, Guenther"]
[Result "0-1"]
[WhiteElo "1532"]
[BlackElo "1649"]
[PlyCount "94"]
[EventDate "2013.??.??"]

1. e4 d5 2. exd5 Nf6 3. c4 c6 4. Nc3 cxd5 5. cxd5 Nxd5 6. Qa4+ Bd7 7. Bb5 Nb6
8. Qb3 Nc6 9. Nge2 e5 10. Bxc6 Bxc6 11. O-O Bc5 12. Qc2 O-O 13. Ne4 Be7 14. b3
Rc8 15. N2c3 f5 16. Ng3 e4 17. Bb2 Bd6 18. Qd1 Qe7 19. Re1 Rcd8 20. d3 Bb4 21.
d4 Nd5 22. Nxd5 Rxd5 23. Re3 Rd7 24. f4 g5 25. Ne2 Bd6 26. d5 Bxf4 27. Qd4
Bxe3+ 28. Qxe3 Rxd5 29. Qc3 Qc5+ 30. Qxc5 Rxc5 31. Ba3 Rc2 32. Nd4 Rd2 33. Nxc6
bxc6 34. Bxf8 Kxf8 35. Rc1 Rxa2 36. Rxc6 Kg7 37. Rc5 Kf6 38. h3 Ra6 39. b4 h5
40. b5 Ra1+ 41. Kf2 f4 42. Rc2 Kf5 43. Rc5+ Kf6 44. Rd5 Ra2+ 45. Kf1 e3 46. Rc5
g4 47. Rxh5 Ra1+ 0-1

[Event "SK Ridnaun-SC SSV Bruneck"]
[Site "?"]
[Date "2013.02.23"]
[Round "10.5"]
[White "Oberhammer, Guenther"]
[Black "Gasteiger, Josef"]
[Result "1-0"]
[WhiteElo "1600"]
[BlackElo "1370"]
[PlyCount "23"]
[EventDate "2013.??.??"]

1. e4 c5 2. Nf3 Nc6 3. d4 cxd4 4. Bc4 h6 5. c3 dxc3 6. Nxc3 e5 7. Qb3 Bb4 8.
Bxf7+ Kf8 9. Bh5 Bxc3+ 10. bxc3 Qe7 11. Ba3 Qxa3 12. Qf7# 1-0

[Event "Wipptal Schach-SG Kaltern/Tramin II"]
[Site "?"]
[Date "2013.02.23"]
[Round "10"]
[White "Leimgruber, Erich"]
[Black "Keim, Simon"]
[Result "1-0"]
[WhiteElo "1580"]
[BlackElo "1707"]
[PlyCount "46"]
[EventDate "2013.??.??"]

1. e4 Nf6 2. e5 Nd5 3. c4 Nb6 4. Nf3 d6 5. exd6 cxd6 6. Be2 Nc6 7. d4 Bf5 8.
O-O Nb4 9. Na3 Rc8 10. Bd2 Nd3 11. Qb3 e5 12. Bxd3 e4 13. Rfe1 d5 14. cxd5 Be7
15. Bxe4 Bxe4 16. Rxe4 O-O 17. Ree1 Bf6 18. Bc3 Qd7 19. Ne5 Qf5 20. Nb5 Rcd8
21. d6 Nc8 22. d7 Nb6 23. Nd6 Bxe5 1-0

[Event "Wipptal Schach-SG Kaltern/Tramin II"]
[Site "?"]
[Date "2013.02.23"]
[Round "10.2"]
[White "Sparber, Werner"]
[Black "Sinner, Armin"]
[Result "1/2-1/2"]
[WhiteElo "1642"]
[BlackElo "1608"]
[PlyCount "24"]
[EventDate "2013.??.??"]

1. d4 f5 2. Nf3 Nf6 3. e3 e6 4. Be2 Be7 5. c4 O-O 6. O-O b6 7. Qc2 Bb7 8. Nbd2
Nc6 9. a3 a5 10. b3 Qe8 11. Bb2 Qh5 12. Bd1 d6 1/2-1/2

[Event "Wipptal Schach-SG Kaltern/Tramin II"]
[Site "?"]
[Date "2013.02.23"]
[Round "10.3"]
[White "Steinegger, Elmar"]
[Black "Giorgione, Roberto"]
[Result "0-1"]
[WhiteElo "1427"]
[BlackElo "1444"]
[PlyCount "72"]
[EventDate "2013.??.??"]

1. d4 d5 2. c4 dxc4 3. Nc3 e6 4. e4 Nf6 5. Bxc4 Be7 6. Nf3 O-O 7. h3 b6 8. Be3
Bb7 9. Bd3 Nbd7 10. Qc2 g6 11. a3 Rc8 12. Qa4 a6 13. O-O c5 14. e5 Nd5 15. Nxd5
Bxd5 16. Be2 Ra8 17. Rac1 b5 18. Qd1 c4 19. Qd2 Rc8 20. Nh2 f5 21. Bf3 Nb6 22.
Bh6 Rf7 23. Bxd5 Nxd5 24. Bf4 Nxf4 25. Qxf4 Bg5 26. Qg3 Bxc1 27. Rxc1 Qxd4 28.
Nf3 Qxb2 29. Rd1 c3 30. Qg5 c2 31. Rd8+ Rxd8 32. Qxd8+ Rf8 33. Qe7 c1=Q+ 34.
Kh2 Qf4+ 35. Kh1 Qbc1+ 36. Ng1 Qxe5 0-1

[Event "Wipptal Schach-SG Kaltern/Tramin II"]
[Site "?"]
[Date "2013.02.23"]
[Round "10.4"]
[White "Saxl, Pietro"]
[Black "Sanin, Wilfried"]
[Result "0-1"]
[WhiteElo "1335"]
[BlackElo "1503"]
[PlyCount "74"]
[EventDate "2013.??.??"]

1. e4 g6 2. d4 Bg7 3. Nf3 c5 4. Be3 d6 5. c3 cxd4 6. Bxd4 Nf6 7. Nbd2 O-O 8. h3
Nc6 9. Be3 Be6 10. Ng5 Qc8 11. Nxe6 Qxe6 12. Bc4 Qc8 13. O-O Ne5 14. Bb3 b5 15.
f4 Nc4 16. Nxc4 bxc4 17. Bc2 Qb7 18. Rb1 Nxe4 19. Bxe4 Qxe4 20. Qf3 Qxf3 21.
Rxf3 e6 22. g4 a5 23. Bd2 a4 24. a3 Rfd8 25. Kg2 Rab8 26. f5 d5 27. f6 Bf8 28.
Rff1 Rb7 29. Bf4 Bd6 30. Bxd6 Rxd6 31. Rfe1 Rdb6 32. Re2 Rb3 33. Ree1 Rxb2+ 34.
Rxb2 Rxb2+ 35. Kg3 g5 36. h4 h6 37. h5 Rb3 0-1

[Event "ASD Arci Scacchi II-SK Ridnaun"]
[Site "?"]
[Date "2013.03.09"]
[Round "11.1"]
[White "Aigner, Helmut"]
[Black "Cozzi, Roberto"]
[Result "1-0"]
[WhiteElo "1819"]
[BlackElo "1513"]
[PlyCount "59"]
[EventDate "2013.??.??"]

1. e4 c6 2. Nc3 d5 3. Nf3 d4 4. Ne2 c5 5. c3 Nc6 6. cxd4 cxd4 7. Qa4 Bd7 8.
Nexd4 Nf6 9. Nxc6 Bxc6 10. Bb5 Qb6 11. Bxc6+ bxc6 12. O-O e6 13. Re1 Be7 14. b3
O-O 15. Ba3 Bxa3 16. Qxa3 Rfd8 17. d4 Qb5 18. Rac1 a6 19. Qc5 Rac8 20. h3 Nd7
21. Qe7 h6 22. Rc3 Nb8 23. Ne5 Rf8 24. Rg3 Qa5 25. Rc1 Qd8 26. Qb4 Qf6 27. Qb7
Rfd8 28. Rcc3 Rf8 29. Rcf3 Qd8 30. Rxf7 1-0

[Event "ASD Arci Scacchi II-SK Ridnaun"]
[Site "?"]
[Date "2013.03.09"]
[Round "11.2"]
[White "Gasparro, Antonio"]
[Black "Helfer, August"]
[Result "1-0"]
[WhiteElo "1388"]
[BlackElo "1652"]
[PlyCount "69"]
[EventDate "2013.??.??"]

1. d4 e6 2. c4 g6 3. Nc3 Bg7 4. e4 d6 5. Be3 Ne7 6. Bd3 Nd7 7. Nf3 a6 8. Qd2 h6
9. O-O b6 10. b4 Bb7 11. d5 e5 12. Ne1 g5 13. Rc1 Ng6 14. g3 Nf6 15. Ng2 Ng4
16. Be2 Bc8 17. c5 Nxe3 18. Qxe3 bxc5 19. bxc5 f5 20. cxd6 cxd6 21. Bh5 Qf6 22.
exf5 Bxf5 23. Ne4 Qe7 24. g4 Bxe4 25. Qxe4 O-O 26. Bxg6 Rf6 27. Bf5 Raf8 28.
Rc8 h5 29. Rxf8+ Qxf8 30. Rc1 Qe7 31. Rc8+ Bf8 32. Ne3 h4 33. h3 Qb7 34. Qc4 a5
35. Qc7 1-0

[Event "ASD Arci Scacchi II-SK Ridnaun"]
[Site "?"]
[Date "2013.03.09"]
[Round "11.3"]
[White "Obermueller, Johann"]
[Black "Danti, Alessandro"]
[Result "0-1"]
[WhiteElo "1536"]
[BlackElo "1369"]
[PlyCount "76"]
[EventDate "2013.??.??"]

1. e4 e6 2. d4 d5 3. exd5 exd5 4. c4 Bb4+ 5. Nc3 c6 6. cxd5 cxd5 7. Nf3 Bg4 8.
Be2 Ne7 9. O-O O-O 10. Qb3 Nbc6 11. Be3 Bxc3 12. bxc3 Qc7 13. Qc2 Ng6 14. h3
Bd7 15. Rfc1 Rac8 16. Nd2 Nce7 17. Nb3 Nf5 18. Bd2 b6 19. Ba6 Rce8 20. Bd3 Nd6
21. Re1 Nc4 22. Bxc4 dxc4 23. Rxe8 Rxe8 24. Nc1 Bc6 25. Be3 Nf4 26. g3 Ng6 27.
Ne2 Be4 28. Qd2 Qc6 29. Kh2 Qf6 30. Nf4 Nxf4 31. Bxf4 Bd5 32. Re1 Rxe1 33. Qxe1
h6 34. Qe3 g5 35. Be5 Qc6 36. g4 Bh1 37. Qg3 Qf3 38. Bb8 a6 0-1